Medicina legal y forense II (Registro nro. 7685)

Detalles MARC
000 -Cabecera
Campo de control de longitud fija 00935nam a22003497a 4500
005 - Fecha y hora de la última transacción
Campo de control 20250620144245.0
008 - Elementos de longitud fija--Información general
Campo de control de longitud fija 160222b2015 xxu||||| |||| 00| 0 spa d
020 ## - International Standard Book Number
Número Internacional Estándar del Libro (ISBN) 9788490869840
041 ## - Idioma
Código de idioma Español
082 ## - Clasificación Decimal Dewey
Número de clasificación 614.1 S194m
100 ## - Entrada principal--Autor personal
Nombre personal Sánchez Sánchez, José Antonio
9 (RLIN) 4883
245 ## - Título propiamente dicho
Título Medicina legal y forense II
260 ## - Pie de imprenta
Lugar de publicación, distribución, etc. España
260 ## - Pie de imprenta
Nombre del editor, distribuidor, etc. Tirant lo blanch
260 ## - Pie de imprenta
Fecha de publicación, distribución, etc. 2015
300 ## - Descripción física
Extensión 220 páginas
490 ## - Serie
Título de la Serie Investigación Criminal
650 ## - Materia general
Temática (materia general) MEDICINA LEGAL
650 ## - Materia general
Temática (materia general) INVESTIGACIÓN CRIMINAL
650 ## - Materia general
Temática (materia general) IDENTIFICACIÓN DE PERSONAS
650 ## - Materia general
Temática (materia general) ESCENA DE LOS HECHOS
650 ## - Materia general
Temática (materia general) CADENA DE CUSTODIA
650 ## - Materia general
Temática (materia general) GRAFÍSTICA
650 ## - Materia general
Temática (materia general) LOFOSCOPIA
650 ## - Materia general
Temática (materia general) BALÍSTICA
650 ## - Materia general
Temática (materia general) BIOLOGÍA FORENSE
650 ## - Materia general
Temática (materia general) ANTROPOLOGÍA FORENSE
650 ## - Materia general
Temática (materia general) ODONTOLOGÍA FORENSE
650 ## - Materia general
Temática (materia general) ENTOMOLOGÍA FORENSE
650 ## - Materia general
Temática (materia general) INFOGRAFÍA FORENSE
942 ## - Punto de acceso adicional KOHA
Tipo de ítem KOHA Libro
Fuente del sistema de clasificación o colocación Dewey Decimal Classification
Existencias
Signatura completa Código de barras Programa Académico Tipo de ítem
614.1 S194m 20405 Investigación Criminal Libro
614.1 S194m 20406 Investigación Criminal Libro